| 000 | 01379nam a2200289 i 4500 | ||
|---|---|---|---|
| 001 | 110726 | ||
| 003 | ES-MaACL | ||
| 005 | 20230908184130.0 | ||
| 007 | t| | ||
| 008 | 070123m19301933sp ||||1| spa d | ||
| 080 | _a347.91/.95(450) | ||
| 080 | _a347.99(450) | ||
| 100 | 1 |
_aMattirolo, Luigi. _979155 |
|
| 245 | 1 | 0 |
_aTratado de derecho judicial civil / _cpor Luis Mattirolo ; traducción de la quinta edición italiana completamente revisada y aumentada por el autor ; traducción de Eduardo Ovejero Maury, Constancio Bernaldo de Quirós, Manuel López-Rey y Arrojo. |
| 250 | _a1ª ed. | ||
| 260 |
_aMadrid : _bHijos de Reus, _c1930-<1933> |
||
| 300 |
_a2 v. ; _c23 cm. |
||
| 490 | 1 |
_aBiblioteca jurídica de autores españoles y extranjeros ; _v141-142 |
|
| 505 | 8 | _aContiene: t. 1. El poder judicial en su organización y actuación en la vida del Derecho.(E-3123).-- t. 2. Las partes. El juicio: su constitución e instrucción. La prueba: prueba "simple"...(E-3124) | |
| 650 | 4 |
_aProcedimiento civil- _zItalia. _916423 |
|
| 700 | 1 |
_aOvejero y Maury, Eduardo, _d1871-1939? _988002 |
|
| 700 | 1 |
_aBernaldo de Quirós, Constancio, _d1873-1959 _928215 |
|
| 700 | 1 |
_aLópez-Rey y Arrojo, Manuel. _973916 |
|
| 830 | 0 |
_aBiblioteca jurídica de autores españoles y extranjeros ; _v141-142 _9182228 |
|
| 852 |
_aES-MaACL _jE-3123-24 |
||
| 999 |
_c110726 _d110726 |
||